Top 10 Città più popolose Provincia di Massa-Carrara - Statistics

Statistiche generali
  • Questo quiz è stato fatto 21 volte
  • Il punteggio medio è 6 su 10
Statistiche sulle risposte
Popolazione (ab.) Città % Corretto
63 996 Carrara
100%
69 913 Massa
100%
7 473 Pontremoli
80%
11 278 Aulla
70%
10 196 Montignoso
50%
8 069 Fivizzano
45%
4 921 Fosdinovo
45%
4 949 Licciana Nardi
35%
4 833 Villafranca in Lunigiana
35%
2 492 Mulazzo
30%
Nessun quiz corrispondente trovato
Distribuzione punteggi
Percentuale di utenti per punteggio
Percentile per numero di risposta
I tuoi punteggi nel tempo
Non hai fatto questo quiz